| 000 | 00703nam a2200253 4500 | ||
|---|---|---|---|
| 003 | OSt | ||
| 005 | 20260530113848.0 | ||
| 008 | 260507b1977 sp ||||| |||| 00| 0 spa d | ||
| 020 | _a8470530488 | ||
| 040 |
_aICI _bspa _cICI |
||
| 041 | _aspa | ||
| 050 | _aHM258 H8618 1986 | ||
| 100 | 1 |
_aHund Wolf D. _dautor _930947 |
|
| 245 | 1 | 0 |
_aComunicación y sociedad _cHund Wolf D |
| 264 | 1 |
_aMadrid : _bAlberto Corazón, _c1977 |
|
| 300 | _a150 páginas | ||
| 336 |
_atexto _2rdacontent |
||
| 337 |
_asin medio _2rdamedia |
||
| 338 |
_avolumen _2rdacarrier |
||
| 490 |
_aComunicación. _vSerie B |
||
| 650 | 4 |
_aComunicación _9299 |
|
| 700 |
_aJacobo Muñoz, Acero _etraductor _930948 |
||
| 942 |
_2lcc _cBK _n1 |
||
| 999 |
_c11365 _d11365 |
||